000 00711nam a22001937a 4500
999 _c7523
_d7523
003 AR-CdUCM
008 190320b ||||| |||| 00| 0 spa d
020 _a84-314-0273-3
040 _aMUNICIPALIDAD PROVINCIAL DEL CUSCO
_cBIBLIOTECA MUNICIPAL DEL CUSCO
082 _a681.760 /
_bR94
100 _aRuiz Rubio, Carlos
_921237
245 _aProyecto y construcción de recipientes a presión /
260 _aBilbao :
_bUrmo,
_c1976.
300 _a204 páginas ;
_bIlustraciones,
_c19 cm.
505 _aConsideraciones generales -- Selección de materiales -- Construcción: hechurado y soldadura -- Análisis de tensiones ...
650 _aRecipientes a presión
_921238
942 _2ddc
_cLIBROS
945 _aacv